BSOP header

Clement of Alexandria and a secret Gospel of Mark / (Record no. 45735)

MARC details
000 -LEADER
fixed length control field 00976cam a2200313 a 4500
001 - CONTROL NUMBER
control field 695310
003 - CONTROL NUMBER IDENTIFIER
control field SIRSI
005 - DATE AND TIME OF LATEST TRANSACTION
control field 20190305145528.0
008 - FIXED-LENGTH DATA ELEMENTS--GENERAL INFORMATION
fixed length control field 730801s1973 maua b 001 0 eng
010 ## - LIBRARY OF CONGRESS CONTROL NUMBER
LC control number 72148938
020 ## - INTERNATIONAL STANDARD BOOK NUMBER
International Standard Book Number 0674134907
035 ## - SYSTEM CONTROL NUMBER
System control number (Sirsi) o00695310
035 ## - SYSTEM CONTROL NUMBER
System control number (Sirsi) 01-AAK-5518
036 ## - ORIGINAL STUDY NUMBER FOR COMPUTER DATA FILES
Original study number u105282
040 ## - CATALOGING SOURCE
Original cataloging agency DLC
Transcribing agency DLC
Modifying agency m.c.
-- TSW
041 0# - LANGUAGE CODE
Language code of text/sound track or separate title enggrelat
100 1# - MAIN ENTRY--PERSONAL NAME
Personal name Smith, Morton,
Dates associated with a name 1915-1991.
245 10 - TITLE STATEMENT
Title Clement of Alexandria and a secret Gospel of Mark /
Statement of responsibility, etc Morton Smith.
260 ## - PUBLICATION, DISTRIBUTION, ETC. (IMPRINT)
Place of publication, distribution, etc Cambridge, Mass. :
Name of publisher, distributor, etc Harvard University Press,
Date of publication, distribution, etc c1973.
300 ## - PHYSICAL DESCRIPTION
Extent x, 452 p. :
Other physical details ill. ;
Dimensions 25 cm.
336 ## - CONTENT TYPE
Content Type Term text
337 ## - MEDIA TYPE
Media Type Term unmediated
338 ## - CARRIER TYPE
Carrier Type Term volume
500 ## - GENERAL NOTE
General note English, Greek, or Latin.
504 ## - BIBLIOGRAPHY, ETC. NOTE
Bibliography, etc Includes bibliographical references (p. 423-444) and indexes.
600 00 - SUBJECT ADDED ENTRY--PERSONAL NAME
Personal name Clement,
Titles and other words associated with a name of Alexandria, Saint,
Dates associated with a name approximately 150-approximately 215.
630 00 - SUBJECT ADDED ENTRY--UNIFORM TITLE
Uniform title Secret Gospel according to Mark.
942 ## - ADDED ENTRY ELEMENTS (KOHA)
Source of classification or shelving scheme Library of Congress Classification
Item type Books
Holdings
Withdrawn status Lost status Source of classification or shelving scheme Damaged status Not for loan Home library Current library Shelving location Date acquired Source of acquisition Inventory number Total Checkouts Full call number Barcode Date last seen Price effective from Koha item type
    Library of Congress Classification     BSOP Library BSOP Library David Weisberg Collection 03/05/2019 Donated by Dr. David and Oprah Weisberg 45547   BS2860 Sm4 1973 00056547 03/05/2019 03/05/2019 Books
BSOP

Biblical Seminary of the Philippines
  All rights Reserved
  © 2024

CONTACT INFORMATION

Biblical Seminary of the Philippines,
  77-B Karuhatan Road, Valenzuela City,
  PHILIPPINES 1441
  Phone: +632 8292-6795 / 8292-6798
  Fax : +632 8292-6675
  Email: library@bsop.edu.ph